Most Frequently Mentioned: Groups of 3 - Statistics

General Stats
  • This quiz has been taken 44 times
  • The average score is 9 of 15
Answer Stats
Question Answer % Correct
Actresses Julia Roberts
100%
Seasons summer
100%
Desserts cake
80%
U.S. Presidents George Washington
80%
Soviet and Russian Leaders Vladimir Putin
80%
Primates chimpanzee
60%
Months January
60%
Superheroes Superman
60%
Credit Cards Visa
60%
Breakfast Cereals Apple Jacks
40%
Countries France
40%
Painters Picasso
40%
Fast Food pizza
40%
U S. Cities Los Angeles
20%
Actors Brad Pitt
0%
No matching quizzes found
Score Distribution
Percent of People with Each Score
Percentile by Number Answered
Your Score History
You have not taken this quiz